| 000 | 01174nam0a2200325 i 4500 | ||
|---|---|---|---|
| 001 | RU\NLR\BIBL_A\011175223 | ||
| 005 | 20240921150325.0 | ||
| 010 |
_a9785227065667 _92000 |
||
| 021 |
_aRU _b2016-50582 _93238 |
||
| 035 | _a(NILC)RuMoRGB-008530163 | ||
| 035 | _a(NLR Aleph) 011175223 | ||
| 090 |
_a11787985 _c11787985 |
||
| 100 | _a20160712d2016 um y0rusy50 ca | ||
| 101 | 0 | _arus | |
| 102 | _aRU | ||
| 105 | _aa|||z|||000yy | ||
| 200 | 1 |
_aБыть патриотом. Pro et contra _eмысли и суждения великих людей о любви к Родине, о служении ей, о своих предках и родном доме _f[отв. ред.: Д. О. Хвостова] |
|
| 210 |
_aМосква _cЦентрполиграф _dcop. 2016 |
||
| 215 |
_a158, [1] с. _cил. _d17 |
||
| 517 | 1 | _aPro et contra | |
| 606 | 1 |
_aПатриотизм _xАфоризмы _92291497 _3RU\NLR\AUTH\6601599776 |
|
| 675 | _a1 | ||
| 686 | _aТ3(0)0-72 | ||
| 702 | 1 |
_aХвостова _bД. О. _4340 |
|
| 801 | 0 |
_aRU _bРГБ _c20160628 _gRCR |
|
| 801 | 2 |
_aRU _bРГБ _c20160701 _grcr |
|
| 942 | _cBOOK | ||
| 980 | _aNBR | ||